Statistics for History of Communism

Click here to take the quiz!

General Stats

  • This quiz has been taken 1,054 times
  • The average score is 8 of 20

Answer Stats

Hint Answer % Correct
Last Leader of the USSRMikhail Gorbachev
79%
Marx's partner on the communist manifestoFriedrich Engels
78%
Party which came to power after Russian revolutionBolshevik
76%
Year the Soviet invasion of Afghanistan began1979
72%
The leader for most of Yugoslavia's historyJosip Bronz Tito
69%
Year of Soviet invasion of Hungary1956
62%
Dictator who was overthrown by revolutionaries Che and CastroBatista
51%
What M.A.D. stands forMutually assured destruction
43%
Hoxha was in charge of which communist regimeAlbania
43%
Late 80's Soviet policy of reformsPerestroika
41%
Leader who put China on path to capitalismDeng Xiaoping
38%
Stalins foreign minister (for most of his career)Vyacheslav Molotov
32%
Nickname to the peaceful revolution in CzechoslovakiaVelvet Revolution
28%
What the second world war was called in the USSRThe great patriotic war
28%
Second country to become communistMongolia
25%
Name of famous radio station which broadcast to the eastern blocRadio free europe
16%
Nobel prize winning Russian author who denounced the crimes of StalinAleksandr Solzhenitsyn
11%
Last country to democratically elect a communist regimeNepal
9%
Congress where Khrushchev denounced Stalin20th Congress
8%
Mao Zedongs wifeJiang Qing
7%

Score Distribution

Percentile by Number Answered

Percent of People with Each Score

Your Score History

You have not taken this quiz